Título en la letra de la M.O.D.A. - Estadísticas

Estadísticas generales
  • Esta prueba ha sido intentada 16 veces
  • La puntuación promedio es 6 de 15
Estadísticas de respuestas
Hint Respuesta % Correcto
...ya están aquí, los _____ _ _____, van a intentarlo otra vez... Héroes del sábado
100%
...de San Pedro a __ _____, solo quería ser feliz... San Felices
69%
...era distinto en ____, volver a volver, saber que no estás... 1932
62%
...Todos somos víctimas del miedo, del vértigo a __ ______ de la existencia.... La inmensidad
54%
...wake up América, escrito en la pared, con ____ ______... Letra helvética
54%
...no tengo nada que decir que no hayas oído, las páginasque escribiré son ____ ____... Vasos vacíos
38%
...llueve en el único infierno con hielo, en el ____ ______ de Antonio Machado... Campo amarillo
31%
...lleva _ ______, nuevos collares, con la harina que robade los costales... La molinera
31%
... ______ _ _ ____, ven tu si quieres... Mañana voy a Burgos
31%
...voy _____ __ _ ___ ______, hay montañas que te enseñanquien eres... Subiendo como el Chava Jímenez
31%
...Estoy llorando en el ___ _ ___, pero pase lo que pase no estoy hecho pa´ morir... Alsa pa´ Madrid
23%
... __ ____ tienen hambre, y empiezan a lamer, bebiendo y desangrándose a si mismos sin querer... Los lobos
23%
...Son _ ___ _ ____ ____, van viajando con el viento, ____ _ _____ ___, morirán en el intento... Los hijos de Jhonny Cash
15%
... ___ _ ____, primavera, ¿por qué llevas tanta pena?... Mes de mayo
8%
...estoy aprendiendo a creer en mí mismo, intentando ____ _ ____... Hablar sin leísmos
0%
No se encontraron pruebas coincidentes
Distribución de puntuación
Porcentaje de gente con cada puntuación
Porcentaje por número respondido
Historial de tus puntuaciones
No has intentado esta prueba.